Top Ten Sunflower Seed Producing Countries - Statistics

General Stats
  • This quiz has been taken 30 times
  • The average score is 9 of 10
Answer Stats
Hint Answer % Correct
Asia/Europe Russia
100%
North America United States Of America
100%
South America Argentina
92%
Asia China
92%
Europe Ukraine
88%
Europe France
83%
Europe Hungary
79%
Asia India
79%
Europe Bulgaria
75%
Europe Romania
75%
No matching quizzes found
Score Distribution
Percent of People with Each Score
Percentile by Number Answered
Your Score History
You have not taken this quiz